Statistics for Minecraft by Letter-G

Click here to take the quiz!

General Stats

  • This quiz has been taken 59 times
  • The average score is 8 of 10

Answer Stats

DescriptionFirst Two LettersAnswer% Correct
Nether MobGHGhast
98%
OreGOGold
98%
You see this green block a LOTGRGrass
93%
One of the blocks that fallsGRGravel
93%
Dye ColorGRGreen
93%
Variant of squidsGLGlow Squid
87%
Get this animal in a boat for a achievementGOGoat
83%
Typical nether lightingGLGlowstone
78%
Mortal enemy of squidsGUGuardian
57%
Type of Item frameGLGlow item frame
54%

Score Distribution

Percentile by Number Answered

Percent of People with Each Score

Your Score History

You have not taken this quiz